Statistics for Countries Closest to Palestine - One Minute Sprint

Click here to take the quiz!

General Stats

  • This quiz has been taken 201 times
  • The average score is 15 of 20

Answer Stats

kmCountrymiles% Correct
0Israel0
100%
0Egypt0
95%
0Jordan0
95%
44Syria28
94%
140Saudi Arabia87
93%
372Turkey231
91%
323Iraq200
90%
57Lebanon36
89%
931Iran585
87%
288Cyprus179
82%
644Greece400
73%
1096Kuwait681
73%
1161Armenia721
69%
863Libya536
68%
1150Azerbaijan715
63%
1143Georgia710
61%
1026Sudan638
58%
1227Bulgaria762
43%
1276Russia793
42%
1373Romania853
18%

Score Distribution

Percentile by Number Answered

Percent of People with Each Score

Your Score History

You have not taken this quiz